La Rússia que vaig veure / Carles Pi i Sunyer ; edició a cura de Laia Arañó Vega
ISBN:
978-84-95417-83-1
Descripción Física:
98 p. ; 20 cm
Otros Autores:
Arañó i Vega, Laia
Materias:
Rússia -- Descripcions i viatges
MARC
| LEADER | 00000nam a2200000Ia 4500 | ||
|---|---|---|---|
| 001 | 21694 | ||
| 008 | 160829s2009 xx 000 0 cat d | ||
| 020 | |a 978-84-95417-83-1 | ||
| 080 | |a H-3-81 | ||
| 100 | 1 | |a Pi i Sunyer, Carles, |d 1888-1971 |9 55456 | |
| 245 | |a La Rússia que vaig veure / Carles Pi i Sunyer ; edició a cura de Laia Arañó Vega | ||
| 260 | |a Barcelona : |b Fundació Carles Pi i Sunyer d'Estudis Autonòmics i Locals, |c 2009 | ||
| 300 | |a 98 p. ; |c 20 cm | ||
| 650 | |a Rússia |x Descripcions i viatges |9 35647 | ||
| 700 | |a Arañó i Vega, Laia |9 41415 | ||
| 710 | 1 | |a Fundació Carles Pi i Sunyer d'Estudis Autonòmics i Locals |9 52753 | |
| 901 | |a Arxiu | ||
| 942 | |n 1 | ||
| 952 | |0 0 |1 0 |4 0 |6 H381 |7 1 |9 52922 |a Arxiu |b Arxiu |d 2016-12-01 |l 0 |o H-3-81 |p 21694 |r 2016-12-01 00:00:00 |w 2016-12-01 |y ARXIU | ||
| 999 | |c 56771 |d 56771 | ||